LEADER 01290nam2 2200337 450 001 000041388 005 20151029105218.0 010 $a3-487-00534-4 100 $a20150831d1998----km-y0itaa50------ba 101 0 $agrc$alat 102 $aDE 200 1 $aDeclamationes I-XII$frecensuit Richardus Foerster 210 $aHildesheim$aZürich$aNew York$cGeorg Olms$d1998 215 $aVI, 568 p.$d21 cm 225 2 $aBibliotheca scriptorum Graecorum et Romanorum Teubneriana 410 0$12001$aBibliotheca scriptorum Graecorum et Romanorum Teubneriana 461 1$1001000041379$12001$aLibanii Opera$v5 700 1$aLibanius$f$0172673 801 0$aIT$bUniversità della Basilicata - B.I.A.$gREICAT$2unimarc 912 $a000041388 996 $aDeclamationes I-XII$91530964 997 $aUNIBAS BAS $aLETTERE CAT $aEXT018$b01$c20150831$lBAS01$h1321 CAT $aEXT018$b01$c20150831$lBAS01$h1351 CAT $aEXT018$b01$c20150901$lBAS01$h0958 CAT $aEXT018$b01$c20150901$lBAS01$h0959 CAT $aEXT018$b01$c20150901$lBAS01$h1018 CAT $aTTM$b30$c20151029$lBAS01$h1052 FMT Z30 -1$lBAS01$LBAS01$mBOOK$1BASA1$APolo Storico-Umanistico$2DSLF$BCollezione DiSLF$3DF/E3108$65459$5F5459$820150831$f04$FPrestabile Didattica$hVol. 5